00974 2200289 4500001002100000005001500021035002000036007000300056008004100059020001800100082000800118084001400126100002900140245006200169250001800231300003800249700003000287520019200317600001000509600001400519600001200533264004900545336002100594337003000615338002300645990001600668INLIS00000000000058920260505075746 a0010-0526000045ta260505 g 0 eng  a9786020305653 a423 a423 ECH k0 aEchols M JohnePengarang1 aKamus indonesia inggris /cJohn M. Echols, Hassan Shadily aCetakan kedua a700 Halaman :bIlustrasi ;c23 cm0 aShadily HassanePengarang aDisusun oleh dwiahli dari Amerika Serikat, John M. Echols, dan dari Indonesia, Hassan Shadily, kemudian direvisi oleh John U. Wolf dan James T. Collins bekerja sama dengan Hassan Shadily. 4aKamus 4aIndonesia 4aInggris aJakarta :bPT. Gramedia Pustaka Utama,c2015 2rdacontentaTeks 2rdamediaaTanpa perantara 2rdacarrieraVolume aNM001126/19